书目信息 |
| 题名: |
竞技体育学
|
|
| 作者: | 于文谦 著 | |
| 分册: | ||
| 出版信息: | 北京 人民体育出版社 2010 |
|
| 页数: | 264页 | |
| 开本: | 23cm | |
| 丛书名: | ||
| 单 册: | ||
| 中图分类: | G808.2 | |
| 科图分类: | ||
| 主题词: | 竞技体育 | |
| 电子资源: | ||
| ISBN: | 978-7-5009-3923-8 | |
| 000 | 00792nam0 2200241 45 | |
| 001 | 1130227937 | |
| 005 | 20110309092148.15 | |
| 010 | @a978-7-5009-3923-8@dCNY35.00 | |
| 100 | @a20110122d2010 em y0chiy50 ea | |
| 101 | 0 | @achi |
| 102 | @aCN@b110000 | |
| 105 | @ay z 000yy | |
| 106 | @ar | |
| 200 | 1 | @a竞技体育学@AJing Ji Ti Yu Xue@f于文谦著@FYu Wen Qian Zhu |
| 210 | @a北京@c人民体育出版社@d2010 | |
| 215 | @a264页@d23cm | |
| 300 | @a国家社会科学基金课题 | |
| 330 | @a本书内容包括:竞技的起源与发展,中国竞技体育的一词的由来,中国竞技体育的产生和发展,竞技运动员的选材,竞技运动员的训练,竞技运动员的退役和继续教育等。 | |
| 606 | 0 | @a竞技体育 |
| 690 | @aG808.2@v4 | |
| 701 | 0 | @a于文谦@AYu Wen Qian@4著 |
| 801 | 0 | @aCN@bTANGWEI@c20110309 |
| 905 | @b0530698-701@dG808.2@e418@f4 | |
| 竞技体育学/于文谦著.-北京:人民体育出版社,2010 |
| 264页;23cm |
| 国家社会科学基金课题 |
| ISBN 978-7-5009-3923-8:CNY35.00 |
| 本书内容包括:竞技的起源与发展,中国竞技体育的一词的由来,中国竞技体育的产生和发展,竞技运动员的选材,竞技运动员的训练,竞技运动员的退役和继续教育等。 |
| ● |
| 相关链接 |
|
|
|
|
正题名:竞技体育学
索取号:G808.2/418
 
预约/预借
| 序号 | 登录号 | 条形码 | 馆藏地/架位号 | 状态 | 备注 |
| 1 | 0530698 | 205306989 | 第一样本阅览室/ [索取号:G808.2/418] | 在馆 | |
| 2 | 0530699 | 205306998 | 第四借阅区/ [索取号:G808.2/418] | 在馆 | |
| 3 | 0530700 | 205307005 | 第四借阅区/ [索取号:G808.2/418] | 在馆 | |
| 4 | 0530701 | 205307014 | 密集书库-体育系/ [索取号:G808.2/418] | 在馆 |